| 000 | 01286nab a22002537a 4500 | ||
|---|---|---|---|
| 999 |
_c6509 _d6509 |
||
| 003 | OSt | ||
| 005 | 20260213131328.0 | ||
| 008 | 190604e xxu||||| |||| 00| 0 spa d | ||
| 040 | _cPJ | ||
| 100 |
_97118 _aBertozzi, Pablo A. E. |
||
| 245 | 1 | 0 |
_aCrónica de una norma incómoda : _bel precio de litigar bajo el régimen de la ley 27.423 / _cPablo A. E. Bertozzi. |
| 260 |
_aCiudad Autónoma de Buenos Aires : _bThomson Reuters La Ley, _c2025. |
||
| 300 | _ap. 17-25 | ||
| 500 | _aCita Online: TR LALEY AR/DOC/1758/2025. | ||
| 505 | _aSumario: I. Introducción.— II. Una ley vigente que no se aplica.— III. La excepción: un juez con argumentos.— IV. El cerrojo de la queja: el alto costo de litigar hasta la Corte Suprema.— V. Conclusión: una encrucijada que no es técnica, sino política. | ||
| 505 | _t¿Te interesa el texto completo? Solicitalo al correo: koha@justierradelfuego.gov.ar | ||
| 650 | 0 |
_92265 _aHONORARIOS |
|
| 650 | 0 |
_92295 _aHONORARIOS DEL ABOGADO |
|
| 650 | 0 |
_95817 _aINTELIGENCIA ARTIFICIAL |
|
| 650 | 0 |
_94597 _aCONSTITUCIONALIDAD |
|
| 650 | 0 |
_92044 _aRECURSO EXTRAORDINARIO |
|
| 773 | 0 |
_02714 _93171 _dCiudad Autónoma de Buenos Aires : Thomson Reuters La Ley, 2014- _tRevista anales de legislación argentina. Nº 1- Enero 2026. |
|
| 942 |
_2udc _cANA |
||